00300nam a2200121Ia 4500008004100000082001600041100002900057245002200086600001300108630002200121700001300143730002200156090122s9999 xx 000 0 und d b7457a340.8 aCoughlinbGeorgecGordon aDictionary Of Law aCoughlin aDictionary Of Law aCoughlin aDictionary Of Law